00519nam a2200193 a 4500001001300000003000900013005001700022008004100039020001000080082001600090100002500106245004100131260003800172300000900210500003500219505001000254650003600264700002500300nice12345678IN_TiNIC20260116012759.0050524s1972 bija grp 000 0 urd  ac8.500a297.61bAZI aAzizur Rahman, Mufti aSwaneh Hayatb Imam Azam Abu Hanifa. aBijnoorbMadani Darul Talifc1972 a336p aincludes index and biblioraphy2 aIndex aIslam-Biography-Imam Abu Hanifa1 aAzizur Rahman, Mufti